<?xml version="1.0" encoding="UTF-8"?><?xml-stylesheet type="text/xsl" href="static/style.xsl"?><OAI-PMH xmlns="http://www.openarchives.org/OAI/2.0/" xmlns:xsi="http://www.w3.org/2001/XMLSchema-instance" xsi:schemaLocation="http://www.openarchives.org/OAI/2.0/ http://www.openarchives.org/OAI/2.0/OAI-PMH.xsd"><responseDate>2026-04-28T02:51:08Z</responseDate><request verb="GetRecord" identifier="oai:riubu.ubu.es:10259/11406" metadataPrefix="marc">https://riubu.ubu.es/oai/request</request><GetRecord><record><header><identifier>oai:riubu.ubu.es:10259/11406</identifier><datestamp>2026-02-20T01:05:49Z</datestamp><setSpec>com_10259_7859</setSpec><setSpec>com_10259_5086</setSpec><setSpec>com_10259_2604</setSpec><setSpec>col_10259_7860</setSpec></header><metadata><record xmlns="http://www.loc.gov/MARC21/slim" xmlns:doc="http://www.lyncode.com/xoai" xmlns:xsi="http://www.w3.org/2001/XMLSchema-instance" xmlns:dcterms="http://purl.org/dc/terms/" xsi:schemaLocation="http://www.loc.gov/MARC21/slim http://www.loc.gov/standards/marcxml/schema/MARC21slim.xsd">
<leader>00925njm 22002777a 4500</leader>
<datafield tag="042" ind1=" " ind2=" ">
<subfield code="a">dc</subfield>
</datafield>
<datafield tag="720" ind1=" " ind2=" ">
<subfield code="a">Ramos-Truchero, Guadalupe</subfield>
<subfield code="e">author</subfield>
</datafield>
<datafield tag="720" ind1=" " ind2=" ">
<subfield code="a">Izquierdo Ramírez, Beatriz</subfield>
<subfield code="e">author</subfield>
</datafield>
<datafield tag="260" ind1=" " ind2=" ">
<subfield code="c">2023</subfield>
</datafield>
<datafield tag="520" ind1=" " ind2=" ">
<subfield code="a">El estudio aborda la formación ocupacional de los agricultores y, desde una perspectiva&#xd;
más amplia, retoma el debate en torno al papel de la formación en la profesionalización de&#xd;
la agricultura familiar en España. Para ello, utiliza como estudio de caso las actuaciones&#xd;
formativas desarrolladas en el Plan de Desarrollo Rural del País Vasco durante la&#xd;
programación 2007-2013. A través de una aproximación metodológica mixta, los resultados&#xd;
reflejan un escenario formativo atomizado y desconectado de los numerosos retos del sector&#xd;
agrario, sugiriendo una adaptación de la política de formación dirigida a los agricultores.</subfield>
</datafield>
<datafield tag="520" ind1=" " ind2=" ">
<subfield code="a">The study addresses vocational training for farmers and, from a wider perspective, takes up&#xd;
the debate on the role of training in the professionalization of family farming in Spain. For&#xd;
that purpose, it is used as case study the training actions developed through the Basque&#xd;
Rural Development Plan during the programming period 2007-2013. Based on a mixed&#xd;
methodological approach, the results reflect a fragmented scenario and disconnected from&#xd;
the multiple challenges of agricultural sector, proposing an adaptation of the training policy&#xd;
oriented to farmers.</subfield>
</datafield>
<datafield tag="024" ind2=" " ind1="8">
<subfield code="a">0211-589</subfield>
</datafield>
<datafield tag="024" ind2=" " ind1="8">
<subfield code="a">https://hdl.handle.net/10259/11406</subfield>
</datafield>
<datafield tag="024" ind2=" " ind1="8">
<subfield code="a">1697-3070</subfield>
</datafield>
<datafield ind1=" " ind2=" " tag="653">
<subfield code="a">Formación agraria</subfield>
</datafield>
<datafield ind1=" " ind2=" " tag="653">
<subfield code="a">Políticas de desarrollo rural</subfield>
</datafield>
<datafield ind1=" " ind2=" " tag="653">
<subfield code="a">Agricultura familiar</subfield>
</datafield>
<datafield ind1=" " ind2=" " tag="653">
<subfield code="a">Jóvenes agricultores</subfield>
</datafield>
<datafield ind1=" " ind2=" " tag="653">
<subfield code="a">País Vasco</subfield>
</datafield>
<datafield ind1=" " ind2=" " tag="653">
<subfield code="a">Agricultural training</subfield>
</datafield>
<datafield ind1=" " ind2=" " tag="653">
<subfield code="a">Rural development policies</subfield>
</datafield>
<datafield ind1=" " ind2=" " tag="653">
<subfield code="a">Vocational training</subfield>
</datafield>
<datafield ind1=" " ind2=" " tag="653">
<subfield code="a">Young farmers</subfield>
</datafield>
<datafield ind1=" " ind2=" " tag="653">
<subfield code="a">Basque Country</subfield>
</datafield>
<datafield tag="245" ind1="0" ind2="0">
<subfield code="a">Formación y profesionalización en la agricultura familiar. Un estudio de las actuaciones formativas de los programas de desarrollo rural en el País Vasco</subfield>
</datafield>
</record></metadata></record></GetRecord></OAI-PMH>